|
|
|
|
| LEADER |
00000cam a2200000 7i4500 |
| 001 |
0000001153 |
| 005 |
20240924.0 |
| 008 |
991125 ja a eng |
| 020 |
|
|
|a 0256062366
|
| 040 |
|
|
|a INS
|b eng
|e rda
|
| 090 |
0 |
0 |
|a HD30.28
|b .P34 1988
|
| 100 |
1 |
|
|a Pearce, John A. ,
|e author
|
| 245 |
1 |
0 |
|a Strategic Management :
|b strategy, formulations and implimentations
|c John A. Pearce II, Richard B. Robinson, Jr.
|
| 264 |
|
1 |
|a Homewood, Tokyo :
|b Irwin & Toppan
|c 1988
|
| 300 |
|
|
|a xxiv, 988 pages :
|b illustrations ;
|c 22 cm.
|
| 336 |
|
|
|a text
|2 rdacontent
|
| 337 |
|
|
|a unmediated
|2 rdamedia
|
| 338 |
|
|
|a volume
|2 rdacarrier
|
| 650 |
|
0 |
|a Management
|x Research
|
| 700 |
1 |
|
|a Robinson, Richard B. ,
|e author
|
| 999 |
|
|
|a 0000004074
|b BOOK
|c Open Shelf
|e Default branch
|